000 00542nam a2200229Ia 4500
003 OSt
005 20220923230314.0
006 a|||||r|||| 00| 0
007 ta
008 Pun
024 _a279,261
037 _cTextual
040 _aARTS
_cARTS
_bPun
041 _2Pun
_aPun
082 _aO153,1N50x, M8
100 _aਪਾF
245 0 _aਲੜਾਂਗੇ ਸਾਥੀ
260 _c1988
650 _aਪੰਜਾਬੀ ਸਾਹਿਤ
942 _hO153,1N50x, M8
_cTEXL
_2CC
999 _c383804
_d383804